00251nam a2200097Ia 4500008004100000082001200041100001900053245006200072260000900134300001000143190415s9999 xx 000 0 und d aRG.001; aTripathi, B.L. 0aSocial interaction and communication in an Indian village c1974 a145p.